| 000 | 00707nam a2200265Ia 4500 | ||
|---|---|---|---|
| 003 | OSt | ||
| 005 | 20221005045437.0 | ||
| 006 | a|||||r|||| 00| 0 | ||
| 007 | ta | ||
| 008 | 221004b |||||||| |||| 00| 0 eng d | ||
| 020 | _a8188401013 (pbk) | ||
| 024 | _a122251 | ||
| 037 |
_bGift, 27/10/2012, _cTextual |
||
| 040 |
_aCRL _cCRL _beng |
||
| 041 |
_2eng _aeng |
||
| 082 | _aX7, P2 | ||
| 100 | _aSweezy Paul M | ||
| 245 | 0 | _aIrreversible crisis | |
| 260 |
_aKharagpur _bCornerstone Pub _c2002 |
||
| 300 |
_a79p. _ccm. |
||
| 650 | _aECONOMICS | ||
| 700 | _a Magdoff Harry | ||
| 942 |
_hX7, P2 _cTEXL _2cc |
||
| 999 |
_c955021 _d955021 |
||